Don José de Gálvez y la comandancia general de las provincias internas del Norte de Nueva España / (Record no. 112038)

MARC details
000 -LEADER
campo de control de longitud fija 00791nam a2200205 4500
001 - NÚMERO DE CONTROL
campo de control 112038
003 - IDENTIFICADOR DE NÚMERO DE CONTROL
campo de control ES-MaACL
005 - FECHA Y HORA DE LA ÚLTIMA TRANSACCIÓN
campo de control 20250802063113.0
007 - CAMPO FIJO DE DESCRIPCIÓN FÍSICA--INFORMACIÓN GENERAL
campo de control de longitud fija t|
008 - DATOS DE LONGITUD FIJA--INFORMACIÓN GENERAL
campo de control de longitud fija 061121s1965 sp r ||||1| spa d
100 1# - ENTRADA PRINCIPAL--NOMBRE DE PERSONA
Nombre de persona Navarro García, Luis
9 (RLIN) 85126
245 10 - MENCIÓN DEL TÍTULO
Título Don José de Gálvez y la comandancia general de las provincias internas del Norte de Nueva España /
Mención de responsabilidad, etc. Luis García Navarro ; prólogo de José Antonio Calderón Quijano.
250 ## - MENCION DE EDICION
Mención de edición [1ª ed.].
260 ## - PUBLICACIÓN, DISTRIBUCIÓN, ETC.
Lugar de publicación, distribución, etc. Sevilla :
Nombre del editor, distribuidor, etc. Escuela de Estudios Hispanoamericanos,
Fecha de publicación, distribución, etc. 1965.
300 ## - DESCRIPCIÓN FÍSICA
Extensión XVI, 602 p. 59 lám. ;
Dimensiones 24 cm.
700 1# - ENTRADA AGREGADA--NOMBRE PERSONAL
Nombre de persona Calderón Quijano, José Antonio.
9 (RLIN) 33626
710 2# - ENTRADA AGREGADA--NOMBRE DE ENTIDAD CORPORATIVA
Nombre de entidad corporativa o nombre de jurisdicción como elemento de entrada Escuela de Estudios Hispano-Americanos (Sevilla)
9 (RLIN) 134366
852 ## - LOCALIZACIÓN
Ubicación ES-MaACL
Número de control de estantería F-2017
Sublocalización o colección R.56798
Holdings
Estatus retirado Estado de pérdida Estado de daño No para préstamo Biblioteca de origen Biblioteca actual Ubicación en estantería Fecha de adquisición Fuente de adquisición Total de préstamos Signatura topográfica completa Código de barras Visto por última vez Precio de reemplazo Tipo de ítem Koha
        Biblioteca del Ateneo de Madrid Biblioteca del Ateneo de Madrid Depósito 2 17/01/2008     F-2017 1116866 23/02/2023 23/02/2023 Libro impreso